000 00580nam a2200205Ia 4500
005 20250923145908.0
008 008 250917s9999 xx 000 0 eng d
037 _aTextual
040 _aDSWL
_beng
_cDSWL
041 _aeng
_2eng
084 _aYX,Z1-34;5.28154, N92
_qDSWL
100 _aPhillips, W.S.K.
_9840030
245 0 _aStreet children of Indore
_c by W.S.K. Phillips
260 _aNoida
_b N.L.I.clc
_c1992
300 _a127p.
365 _aINR
_bFree
925 _gFree
942 _cTEXL
_hYX,Z1-34;5.28154, N92
999 _c1457045
_d1457045